GSM-OS: GSM-Operations Simulator {Project BIT1] (Record no. 8888)

000 -LEADER
fixed length control field 00488 a2200133 4500
082 ## - DEWEY DECIMAL CLASSIFICATION NUMBER
Classification number 378.242
100 ## - MAIN ENTRY--PERSONAL NAME
Personal name Shair Baz
9 (RLIN) 92591
245 ## - TITLE STATEMENT
Title GSM-OS: GSM-Operations Simulator {Project BIT1]
Statement of responsibility, etc. Shair Baz
260 ## - PUBLICATION, DISTRIBUTION, ETC.
Place of publication, distribution, etc. Isalamabad,
Name of publisher, distributor, etc. NUST School of Electrical Engineering & Computer Science,
Date of publication, distribution, etc. 2004.
300 ## - PHYSICAL DESCRIPTION
Extent vii, 63 p. :
Other physical details il. ;
Dimensions 27 cm.
Accompanying material CD-ROM
500 ## - GENERAL NOTE
General note Supervisor : Mr. Ali Hammad Akbar.
856 ## - ELECTRONIC LOCATION AND ACCESS
Uniform Resource Identifier <a href="http://10.250.8.41:8080/xmlui/handle/123456789/10506">http://10.250.8.41:8080/xmlui/handle/123456789/10506</a>
942 ## - ADDED ENTRY ELEMENTS (KOHA)
Koha item type Project Report
Call number prefix 378.242 SHA
Source of classification or shelving scheme
Holdings
Withdrawn status Lost status Source of classification or shelving scheme Damaged status Not for loan Permanent Location Current Location Shelving location Date acquired Full call number Barcode Date last seen Price effective from Koha item type
WITHDRAWN         Central Library (CL) Central Library (CL) General Stacks 06/03/2014 378.242 SHA SEECSP00055 11/14/2012 01/05/2017 Project Report
WITHDRAWN         Central Library (CL) Central Library (CL) Thesis 10/27/2020 004 CL-BP-625 10/27/2020 10/27/2020 Project Report
© 2023 Central Library, National University of Sciences and Technology. All Rights Reserved.